000 00476nam a2200181Ia 4500
001 2430
005 20260306144806.0
008 260306t2012||||xx |||||||||||||| ||spa||
041 _aESP
082 _a616.89
_bP45
100 _aPérez Álvarez, Marino
_eAUT
245 0 _aLas raíces de la psicopatología moderna:
_bla melancolía y la esquizofrenia
260 _c2012
300 _a260 páginas :
_c23 cm.
650 _aGEN
654 _aCPS
942 _cLIB
_dJUS
_fJUS
_2ddc
_n
999 _c2430
_d2430